000 01122nam a2200337 a 4500
001 vtls000195130
003 NLI
005 20210602113145.0
008 101125s1930 nyuc 001 0 eng
020 _cUSD 8.50
039 9 _y201011252317
_zVLOAD
040 0 _aNLI
_beng
_cDatasoft 1
_eAACR2
041 0 _aeng
044 _anyu
082 0 4 _a320.10957
100 0 _aChi-chao Lian,
_d1873-1929
_9375229
245 1 0 _aHistory of Chinese political thought during the early Tsin period /
_cby Lian Chi-Chao
260 _aNew York :
_bParagon Book,
_c1930
300 _aviii, 210 p. :
_bport. ;
_c19 cm.
500 _aIncludes index
650 0 _aPolitical science
_zChina
_xHistory
_9314089
650 0 _aPhilosophy, Chinese
_9171066
650 0 _aEthics
_zChina
_9171980
651 0 _aChina
_xPolitics and government
_97793
887 _a
901 _a390390
_b19.05.1969
902 _aE 320.10957 L 613
942 _2ddc
_cBKS
949 _AVIRTUAITEM
_D10000
_X100
_6PUR000390390ENG
999 _aVIRTUA40
_c200802
_d200802
999 _aVTLSSORT0080*0200*0400*0410*0440*0820*1000*2450*2600*3000*5000*6500*6501*6502*6510*9010*9020*9490*9991